| 000 | 00000nam##2200000za#4500 |
| 001 | 9.642496 |
| 003 | CaOODSP |
| 005 | 20220505163029 |
| 007 | cr ||||||||||| |
| 008 | 150407|2014||||xxc|||||o f|0| 0 fre|d |
| 020 | |a978-0-660-21312-5 |
| 040 | |aCaOODSP|bfre |
| 043 | |an-cn--- |
| 086 | 1 |aHP35-43/2014F-PDF |
| 110 | 2 |aAgence de santé publique du Canada. |
| 245 | 13|aLe cancer au Canada - aperçu épidémiologique : |h[ressource électronique]|brapport basé sur la publication Répartition géographique de l'incidence du cancer au Canada, volume 2, 2000-2006 |
| 260 | |aOttawa - Ontario : |bAgence de santé publique du Canada |cFévrier 2014. |
| 300 | |a43p.|bglossaire, références |
| 590 | |a15-05|b2015-01-30 |
| 691 | 07|aCancer|2gcpds |
| 775 | 08|tCancer in Canada - an epidemiologic overview : |w(CaOODSP)9.698489 |
| 856 | 40|ahttp://publications.gc.ca|qPDF|s999 Ko|uhttps://publications.gc.ca/collections/collection_2015/aspc-phac/HP35-43-2014-fra.pdf |
| 986 | |aPub. : 130372 |